How to design and report experiments

Saved in:
Bibliographic Details
Main Authors Field, Andy P. (Author), Hole, Graham (Author)
Format Book
LanguageEnglish
Published Los Angeles ; London ; New Delhi ; Singapore ; Washington DC : SAGE, 2003
EditionFirst published
Subjects
ISBN0761973834 978-0-7619-7383-6
Physical Descriptionxii, 384 stran : ilustrace ; 25 cm

Cover

LEADER 00000cam a2200000 i 4500
001 87039
003 CZ-ZlUTB
005 20240829161858.0
007 ta
008 140603s2003 xxua e f 001 0 eng d
020 |a 0761973834  |q (brožováno)  |z 978-0-7619-7383-6 
040 |a OLD012  |b cze  |d ZLD002  |e rda 
044 |a xxu  |a xxk  |a ii  |a si 
072 7 |a 519.1/.8  |x Kombinatorika. Teorie grafů. Matematická statistika. Operační výzkum. Matematické modelování  |2 Konspekt  |9 13 
080 |a 519.242  |2 MRF 
080 |a 519.23  |2 MRF 
080 |a 519.23/.24  |2 MRF 
080 |a 311.1/.2  |2 MRF 
080 |a 303.7  |2 MRF 
080 |a 519.254  |2 MRF 
080 |a 3  |2 MRF 
080 |a (035)  |2 MRF 
100 1 |a Field, Andy P.  |7 vse2006371892  |4 aut 
245 1 0 |a How to design and report experiments /  |c Andy Field, Graham Hole 
250 |a First published 
264 1 |a Los Angeles ;  |a London ;  |a New Delhi ;  |a Singapore ;  |a Washington DC :  |b SAGE,  |c 2003 
300 |a xii, 384 stran :  |b ilustrace ;  |c 25 cm 
336 |a text  |b txt  |2 rdacontent 
337 |a bez média  |b n  |2 rdamedia 
338 |a svazek  |b nc  |2 rdacarrier 
504 |a Obsahuje bibliografie a rejstřík 
650 0 7 |a plánování experimentů  |7 ph445000  |2 czenas 
650 0 7 |a statistická analýza  |7 ph126062  |2 czenas 
650 0 7 |a statistické metody  |7 ph135431  |2 czenas 
650 0 7 |a analýza dat  |7 ph301326  |2 czenas 
650 0 7 |a zpracování dat  |7 ph127675  |2 czenas 
650 0 7 |a společenské vědy  |7 ph116244  |x metodologie  |2 czenas 
650 0 9 |a experimental design  |2 eczenas 
650 0 9 |a statistical analysis  |2 eczenas 
650 0 9 |a statistical methods  |2 eczenas 
650 0 9 |a data analysis  |2 eczenas 
650 0 9 |a data processing  |2 eczenas 
650 0 9 |a social sciences  |x methodology  |2 eczenas 
655 7 |a příručky  |7 fd133209  |2 czenas 
655 9 |a handbooks and manuals  |2 eczenas 
700 1 |a Hole, Graham  |7 mub2014819620  |4 aut 
910 |a ZLD002 
952 |0 0  |1 0  |4 0  |6 303FIELDAP  |7 0  |8 BOOK  |9 142314  |a UTBZL  |b UTBZL  |c 010  |d 2017-02-22  |l 1  |o 303/FIELD,A.P.  |p 420010169427  |q 2027-12-22  |r 2019-08-26 00:00:00  |v 880.00  |w 2019-08-26  |x N:nákup;  |y 08 
992 |a BK  |b SK  |d 1 
998 |a 006231647 
999 |c 87039  |d 87039